| 000 | 00463nam a2200193Ia 4500 | ||
|---|---|---|---|
| 008 | 210210b1935 xxu||||| |||| 00| 0 eng d | ||
| 041 | _aeng | ||
| 082 | _a336/46 | ||
| 100 | _aBRUTZKUS (Boris) | ||
| 245 | _aEconomic planning in Soviet Russia | ||
| 260 |
_aLondon _bGeorge Routledge and Sons _c1935 |
||
| 650 | _aSoviet | ||
| 650 | _aRussia | ||
| 650 | _aplanning | ||
| 650 | _ain | ||
| 650 | _aEconomic | ||
| 690 | _aEconomic History | ||
| 906 | _a004783 | ||
| 999 |
_c128067 _d128067 |
||